| 000 | 00711nam a2200229Ia 4500 | ||
|---|---|---|---|
| 001 | 9634 | ||
| 003 | GE_BSU | ||
| 008 | 181216s||||||||xx |||||||||||||| ||und|| | ||
| 040 | _cGE_BSU | ||
| 080 | _a908(479.22-21) | ||
| 100 | _aმეფისაშვილი,გ | ||
| 245 | _aწერილები ქუთაისზე | ||
| 245 | _cრედ:ვარდოსანიძე,მ | ||
| 260 | _aთბილისი. | ||
| 260 | _bსაქ.კპ ცკ-ს გამ-ბა. | ||
| 260 | _c1961 | ||
| 300 | _a96გვ.20სმ | ||
| 300 | _eბიბლიოგრ.შენიშვნები | ||
| 653 | _aქუთაისზე | ||
| 653 | _aწერილები | ||
| 942 | _cBK | ||
| 999 |
_c42918 _d42918 |
||